Rentner Gang Allgemeinwissen #6 - Statistiken

Allgemein
  • Dieses Quiz wurde 11 mal gespielt
  • Das Durchschnittsergebnis liegt bei 9 aus 16
Antwortstatistiken
Ereignis Server % Korrekt
Auf diesem Server kam Meista Blup zuerst vor AmeisenbärenSMP
67%
Bo & Gor veranstalteten das größte Massenmassaker ApfelsinenSMP
67%
Kilian rastete aus, weil Gor seine Holztools stahl DerFetteAlbert
67%
Bo errichtete eine Fleischhauerei Fettghurt Brettwurz
67%
Bo drohte mit einem Krieg, weil Gor Steuern einführen wollte DürchfallSMP
67%
Bo errichtete eine Drogenplantage EiblBreibl / Linealmitohren
67%
Gor wurde paranoid wegen Spinnen Life in the village
67%
Bo lösche den Server (mehr oder weniger) unabsichtlich MettwurstSMP
67%
Bo & Gor ließen Kilian im Twilight Forest zurück RentnergangSMP
67%
Bo, Gor und Kilian stritten sich bei der Namensgebung einer Insel Rentnerparadies
67%
Der einzige Server, an dem sowohl 2021, als auch 2022 gespielt wurde SaftsackSMP
67%
Bo entführte Gors Familie mit einem Drachen Subba Subbe
67%
Insgesamt hatte Gor auf diesem Server 6 verschiedene Behausungen 1 Fikolas Server
33%
Gor bekam einen Strike wegen Admin Abuse Urschenkli
33%
Bo verlor seinen gesamten Stuff im End WillifanclubSMP
33%
Bo / Gor errichtete eine Brauerei Anal Anus / TonikwaterSMP
0%
Keine übereinstimmenden Quizze gefunden
Verteilung der Resultate
Anzahl Personen mit jedem Resultat
Perzentil nach korrekt beantworteten Fragen
Ihre Resultats-Entwicklung
Sie haben dieses Quiz noch nicht gespielt